| 000 | 01237cam1a220025300 4500 | ||
|---|---|---|---|
| 001 | tmp15376308 | ||
| 003 | UPRA | ||
| 005 | 20190822112201.0 | ||
| 008 | 950801s1976 at eng u | ||
| 035 | _a(Sirsi) r94122 | ||
| 035 | _a(UPRA)tmp15376308 | ||
| 040 | _cUPRA | ||
| 245 | 0 | 0 | _aGeology of the rural basin in Queensland. |
| 260 |
_aCanberra : _bAustralian Govt. Publ. Service, _c1976. |
||
| 490 | 1 |
_aDept. of National Resources. Bureau of Mineral Resources Geology and Biophysics. Bulletin ; _v166 |
|
| 504 | _aIncludes bibliographical references. | ||
| 505 | 0 | _av. 1. Text -- v. 2. Maps. | |
| 650 | 0 |
_aGeology -- Queensland -- Rurat Region. _zGeology -- Queensland -- Rurat Region. _zGeology -- Queensland -- Rurat Region. _6S41376.1 |
|
| 700 | 1 |
_aExon, N. F. _6A52870.1 |
|
| 810 | 2 |
_aDept. of National Resources. Bureau of Mineral Resources Geology and Biophysics. Bulletin ; _bDept. of National Resources. Bureau of Mineral Resources Geology and Biophysics. Bulletin ; _tDept. of National Resources. Bureau of Mineral Resources Geology and Biophysics. Bulletin ; _v166 _6S8759.1 |
|
| 949 |
_aQE344 _wlcc _i33729000303656 _mMAIN _p2500 _tBOOK _lON-SHELF |
||
| 949 |
_aQE344 _wlcc _i-132516 _mMAIN _tBOOK _lON-SHELF |
||
| 004 | 94122 | ||
| 999 |
_c132806 _d132806 |
||